Облепиха : (Record no. 324350)
[ view plain ]
| 000 -LEADER | |
|---|---|
| fixed length control field | 01505nam a2200265 a 4500 |
| 001 - CONTROL NUMBER | |
| control field | 000971328 |
| 003 - CONTROL NUMBER IDENTIFIER | |
| control field | AM-YeHGA |
| 005 - DATE AND TIME OF LATEST TRANSACTION | |
| control field | 20250617150108.0 |
| 008 - FIXED-LENGTH DATA ELEMENTS--GENERAL INFORMATION | |
| fixed length control field | 130627s1981 ru r 000 0 rus d |
| 040 ## - CATALOGING SOURCE | |
| Original cataloging agency | AM-YeHGA |
| 041 0# - LANGUAGE CODE | |
| Language code of text/sound track or separate title | rus |
| 090 ## - LOCALLY ASSIGNED LC-TYPE CALL NUMBER (OCLC); LOCAL CALL NUMBER (RLIN) | |
| -- | 326095 |
| 245 00 - TITLE STATEMENT | |
| Title | Облепиха : |
| Remainder of title | Библиографический указатель литературы за 1973-1979 гг. / |
| Statement of responsibility, etc. | М-во сель. хоз-ва СССР; Горьковский с.-х. ин-т, Кафедра ботаники и физиологии раст.; Б-ка. Отд. науч.-техн. информации; Сост.: И.П. Елисеев, А.В. Зверева и др.;. |
| 250 ## - EDITION STATEMENT | |
| Edition statement | 2-е изд., исправ. и доп. |
| 260 ## - PUBLICATION, DISTRIBUTION, ETC. | |
| Place of publication, distribution, etc. | Горький : |
| Name of publisher, distributor, etc. | ГСХИ, |
| Date of publication, distribution, etc. | 1981. |
| 300 ## - PHYSICAL DESCRIPTION | |
| Extent | 120 с. ; |
| Dimensions | 22 см. |
| 500 ## - GENERAL NOTE | |
| General note | Имен. указ.: с. 109-119 |
| 650 14 - SUBJECT ADDED ENTRY--TOPICAL TERM | |
| Topical term or geographic name entry element | Отраслевая и тематическая библиография |
| 653 0# - INDEX TERM--UNCONTROLLED | |
| Uncontrolled term | Ботаника-Физиология растений-Указатель |
| 700 1# - ADDED ENTRY--PERSONAL NAME | |
| Personal name | Елисеев, И.П. |
| Relator term | сост. |
| Relationship | com |
| 700 1# - ADDED ENTRY--PERSONAL NAME | |
| Personal name | Зверева, А.В. |
| Relator term | сост. |
| Relationship | com |
| 710 2# - ADDED ENTRY--CORPORATE NAME | |
| Corporate name or jurisdiction name as entry element | Министерство сельского хозяйства СССР |
| 710 2# - ADDED ENTRY--CORPORATE NAME | |
| Corporate name or jurisdiction name as entry element | Горьковский сельскохозяйственный институт |
| Subordinate unit | Кафедра ботаники и физиологии растений |
| 710 2# - ADDED ENTRY--CORPORATE NAME | |
| Corporate name or jurisdiction name as entry element | Библиотека. |
| Subordinate unit | Отдел научно-технической информации |
| Withdrawn status | Lost status | Source of classification or shelving scheme | Damaged status | Not for loan | Collection | Home library | Current library | Date acquired | Total checkouts | Full call number | Barcode | Date last seen | Price effective from | Koha item type | Public note |
|---|---|---|---|---|---|---|---|---|---|---|---|---|---|---|---|
| Universal Decimal Classification | General | Fundamental Scientific Library | Fundamental Scientific Library | 09/01/2017 | PII/479477 | FL0285650 | 09/01/2017 | 09/01/2017 | Գրքեր / Books | 30 Days Loan |
ՀՀ Գիտությունների ազգային ակադեմիայի հիմնարար գիտական գրադարան = Fundamental Scientific Library of NAS RA
All site content, except where otherwise noted, is licensed under a